000
00282 a2200109 4500
003
Nust
005
20170207154040.0
040
_c
Nust
245
_a
System Administration Guide (E-BOOK)
_b
Basic Administration
_c
SunMicrosystems
260
_a
SunMicrosystems, Inc.
_b
USA
_c
2007
651
_a
E-BOOK
942
_2
ddc
_c
BK
999
_c
192559
_d
192559